000 00557 a2200205 4500
005 20260108141536.0
008 260105b |||||||| |||| 00| 0 eng d
020 _a9788119051250
_cRs. 1295.00
040 _aMAIN
082 _a294.564
_bV837S:P
100 _aSondhi, M N
245 _aPath of enlightenment yoga and meditation teachings of Swami Vivekananda
260 _aNew Delhi
_bThe Readers Paradise
_c2023
300 _a272
650 _aReligion
650 _aMeditation
700 _aManoj Singh
700 _aBehl, Prashant
942 _cBK
999 _c394172
_d394172